000 00365nam a2200157Ia 4500
008 230917s9999||||xx |||||||||||||| ||und||
040 _e80786
_aMAIN
041 _aEnglish
082 _a346.015 B788F(6)
100 _aBromley, P M
245 0 _aFamily law
250 _a6th ed.
260 _aLondon
_bButterworths
_c1981
300 _axli, 703 p.
942 _cBK
999 _c222252
_d222252